00433nam a22001457a 450000500170000000800410001702000180005804100120007608200150008810000120010324500750011526000430019030000290023365000250026220241003070517.0241003b |||||||| |||| 00| 0 eng d a9780409012415 aEnglish a347.1 JOF  lEnglish aHigh Court Motion Procedure: A practical guide /cB Neukircher et al.  aDurban: bLexisNexis (Pty) Ltd, c2008 bvii, 40 pages; c26 cm.  aLegal practice bLaw